[Event "LEM M-V 2026 Open"]
[Site "Neubrandenburg"]
[Date "2026.03.28"]
[Round "1.1"]
[White "Eschrig, Immanuel"]
[Black "Wrage, Julius"]
[Result "1-0"]
[Time "09:30:00"]
[WhiteElo "1799"]
[BlackElo "1661"]

1. e4 c5 2. Nc3 Nc6 3. f4 g6 4. Nf3 d6 5. Bc4 Bg7 6. d3 e6 7. a3 Nge7 8. Ba2 O-O 9. h4 e5 10. h5 Bg4 11. hxg6 hxg6 12. Rh4 Qd7 13. Nd5 Be6 14. Nxe7+ Qxe7 15. f5 Bxa2 16. Rxa2 Nd4 17. Rh1 gxf5 18. Nxd4 exd4 19. Qh5 f6 20. Qxf5 Rf7 21. Qg6 f5 22. Bf4 Rd8 23. Bg5 Qe8 24. Bxd8 fxe4 25. Qh7+ Kf8 26. Qh8+ 1-0

[Event "LEM M-V 2026 Open"]
[Site "Neubrandenburg"]
[Date "2026.03.28"]
[Round "1.2"]
[White "Betke, Arno"]
[Black "Kruse, Johannes"]
[Result "1/2-1/2"]
[Time "09:30:00"]
[WhiteElo "1793"]
[BlackElo "1807"]

1. d4 Nf6 2. e3 d5 3. Nf3 g6 4. Nbd2 Bg7 5. b3 O-O 6. Bb2 Nbd7 7. Be2 b6 8. c4 c6 9. O-O Bb7 10. Rc1 Rc8 11. cxd5 cxd5 12. Rxc8 Qxc8 13. Qe1 Qb8 14. Qb1 Rc8 15. Rc1 h5 16. Rxc8+ Qxc8 17. Qc1 Qxc1+ 18. Bxc1 Ne4 19. Nxe4 dxe4 20. Nd2 e5 21. dxe5 Nxe5 22. Bb2 Kf8 23. Kf1 Ke7 24. Nc4 Ke6 25. Nxe5 Bxe5 26. Bxe5 Kxe5 27. g3 Bd5 28. h4 a5 29. Ke1 a4 30. bxa4 Bxa2 31. Kd2 Kd5 32. Kc3 Kc5 33. Bb5 Bd5 34. Be8 Be6 35. Bb5 Bd5 1/2-1/2

[Event "LEM M-V 2026 Open"]
[Site "Neubrandenburg"]
[Date "2026.03.28"]
[Round "1.3"]
[White "Wilke, Ronja"]
[Black "Hartung, Sebastian"]
[Result "1-0"]
[Time "09:30:00"]
[WhiteElo "1782"]
[BlackElo "1561"]

1. e4 b6 2. d4 Bb7 3. Bd3 e6 4. c4 Bb4+ 5. Bd2 Qe7 6. Bxb4 Qxb4+ 7. Qd2 Nc6 8. Nf3 Qxd2+ 9. Nbxd2 Nb4 10. Bb1 Ne7 11. a3 Na6 12. b4 c5 13. b5 Nc7 14. e5 cxd4 15. Be4 Bxe4 16. Nxe4 O-O 17. O-O Ng6 18. Rfd1 f6 19. Rxd4 Rad8 20. Rad1 Rf7 21. exf6 d5 22. Nfg5 Rfd7 23. fxg7 Kxg7 24. c5 h6 25. Nf3 Nxb5 26. R4d3 Nxa3 27. cxb6 axb6 28. Ned2 Nb5 29. Rb1 Nd6 30. Rxb6 Kf6 31. Nd4 Ne5 32. Rh3 Rh8 33. N2f3 Rb7 34. Nxe5 Kxe5 35. Nc6+ Kf6 36. Rf3+ Kg7 37. Rxb7+ Nxb7 38. Ne5 Nd6 39. Ra3 Rc8 40. Ra7+ Kf6 41. f4 Kf5 42. g3 Nc4 43. Rf7+ Ke4 44. Nd7 Kf3 45. Rf6 Re8 46. Kf1 d4 47. Nc5 Ra8 48. Nd3 Ra1+ 49. Ne1+ Ke3 50. Rxe6+ Kd2 51. Kf2 Ne3 52. Nf3+ Kd3 53. Ne5+ Kd2 54. Kf3 Rf1+ 55. Ke4 Re1 56. Nf3+ 1-0

[Event "LEM M-V 2026 Open"]
[Site "Neubrandenburg"]
[Date "2026.03.28"]
[Round "1.4"]
[White "Jäger, Maria"]
[Black "Gorski, Paul Peter"]
[Result "0-1"]
[Time "09:30:00"]
[WhiteElo "1726"]
[BlackElo "1685"]

1. d4 Nf6 2. c4 g6 3. Nc3 Bg7 4. e4 d6 5. h3 O-O 6. Nf3 c5 7. d5 e6 8. Be2 exd5 9. cxd5 Re8 10. Qc2 Na6 11. a3 Qe7 12. Bg5 h6 13. Bxf6 Bxf6 14. Nd2 Bf5 15. Bd3 Bd4 16. O-O-O Bd7 17. f4 Bg7 18. g4 Nb4 19. Qb1 Nxd3+ 20. Qxd3 b5 21. Nxb5 Bxb5 22. Qxb5 Rab8 23. Qd3 Bxb2+ 24. Kc2 c4 25. Nxc4 Qc7 26. Kd2 Qc5 27. Ke2 Rec8 28. Nxb2 Rxb2+ 29. Rd2 Rxd2+ 30. Qxd2 Qxa3 31. e5 Qb3 32. Rc1 Rxc1 33. Qxc1 Qxd5 34. Qe3 dxe5 35. fxe5 a5 36. Qxh6 Qxe5+ 37. Qe3 Qxe3+ 38. Kxe3 Kg7 0-1

[Event "LEM M-V 2026 Open"]
[Site "Neubrandenburg"]
[Date "2026.03.28"]
[Round "1.5"]
[White "Winkler, Karl"]
[Black "Wagner, Tino"]
[Result "1-0"]
[Time "09:30:00"]
[WhiteElo "1873"]
[BlackElo "1583"]

1. e4 e5 2. d4 exd4 3. Qxd4 Nc6 4. Qe3 Nf6 5. Nc3 Bb4 6. Bd2 O-O 7. O-O-O Re8 8. Bc4 Ne5 9. Bb3 c6 10. f4 Ng6 11. e5 b5 12. Qf3 Nh4 13. Qf1 Ng4 14. g3 Nf5 15. Qf3 Bxc3 16. Bxc3 Nge3 17. Rd3 Qb6 18. g4 Nh4 19. Qxe3 Qxe3+ 20. Rxe3 Ng2 21. Rg3 Nxf4 22. Rf3 Ne6 23. Bxe6 Rxe6 24. Nh3 a5 25. Rhf1 Ba6 26. R1f2 b4 27. Bd4 Bc4 28. Nf4 Ree8 29. b3 Bb5 30. Nd3 a4 31. Rxf7 axb3 32. axb3 Ra1+ 33. Bxa1 1-0

[Event "LEM M-V 2026 Open"]
[Site "Neubrandenburg"]
[Date "2026.03.28"]
[Round "1.6"]
[White "Radloff, Arno"]
[Black "Wolter, Günter"]
[Result "0-1"]
[Time "09:30:00"]
[WhiteElo "1704"]
[BlackElo "1810"]

1. d4 Nf6 2. c4 g6 3. Nf3 Bg7 4. Nc3 d6 5. e4 O-O 6. Be2 c6 7. O-O Nbd7 8. Qc2 e5 9. dxe5 dxe5 10. h3 Qc7 11. Rd1 Nc5 12. Be3 Ne6 13. Rd2 b6 14. Rad1 Bb7 15. Rd6 Nd4 16. Bxd4 Qxd6 17. Bxe5 Qe6 18. b3 Rad8 19. Bg3 Rxd1+ 20. Bxd1 Rd8 21. Be2 c5 22. Bh4 Rd7 23. e5 Ne8 24. Bg3 Bxf3 25. Bxf3 Bxe5 26. Bd5 Qe7 27. Ne4 Bxg3 28. Nxg3 Nf6 29. Bf3 Qe1+ 30. Nf1 Rd4 31. Qe2 Qxe2 32. Bxe2 Ne4 33. Ng3 Nxg3 34. fxg3 Rd2 0-1

[Event "LEM M-V 2026 Open"]
[Site "Neubrandenburg"]
[Date "2026.03.28"]
[Round "1.7"]
[White "Thormählen, Tjark"]
[Black "Bielewicz, Marek"]
[Result "1/2-1/2"]
[Time "09:30:00"]
[WhiteElo "1664"]
[BlackElo "1611"]

1. e4 b6 2. d4 Bb7 3. Bd3 e6 4. Nf3 d5 5. e5 h6 6. Be3 Nd7 7. Nbd2 c5 8. c3 cxd4 9. cxd4 Bb4 10. O-O Ne7 11. a3 Bxd2 12. Qxd2 Nc6 13. b4 Rc8 14. Rfc1 a6 15. Rc2 b5 16. a4 bxa4 17. Rxa4 Ra8 18. b5 axb5 19. Bxb5 Rxa4 20. Bxa4 Ndb8 21. Rb2 Qd7 22. Ne1 Ke7 23. Nd3 Na6 24. Rb6 Qc7 25. Qb2 Rb8 26. Qb5 Na7 27. Qb2 Nc8 28. Qa3+ Nc5 29. Nxc5 Qxb6 30. Nxb7+ Nd6 31. Nxd6 Qb1+ 32. Bc1 f6 33. Nc8+ Kf7 34. Qe7+ Kg6 35. Qc5 Qb3 36. Qc2+ f5 37. g4 Rxc8 38. gxf5+ exf5 39. Qxc8 Qxa4 40. Qe6+ Kh7 41. Qxf5+ Kh8 42. Be3 h5 43. Qxh5+ Kg8 44. e6 g6 45. Qxg6+ Kh8 46. e7 Qd1+ 47. Kg2 Qg1+ 1/2-1/2

[Event "LEM M-V 2026 Open"]
[Site "Neubrandenburg"]
[Date "2026.03.28"]
[Round "1.8"]
[White "Eichler, Max"]
[Black "Briese, Paul"]
[Result "0-1"]
[Time "09:30:00"]
[WhiteElo "1644"]
[BlackElo "1792"]

1. e4 c6 2. d4 d5 3. e5 e6 4. Nf3 c5 5. c3 Nc6 6. Be2 cxd4 7. cxd4 Bb4+ 8. Nc3 Nge7 9. O-O h6 10. a3 Ba5 11. b4 Bb6 12. Na4 O-O 13. Nxb6 Qxb6 14. Bb2 Bd7 15. Qd2 Rac8 16. Rac1 f6 17. Qd3 fxe5 18. Nxe5 Nxe5 19. dxe5 Rxc1 20. Bxc1 Nf5 21. g4 Nd4 22. Be3 Nxe2+ 23. Qxe2 d4 24. Bd2 Bb5 25. Qe4 Bxf1 26. Kxf1 d3 27. Be3 Qa6 28. Kg2 Qc6 0-1

[Event "LEM M-V 2026 Open"]
[Site "Neubrandenburg"]
[Date "2026.03.28"]
[Round "1.9"]
[White "Briese, Sophie"]
[Black "Röseler, Ole"]
[Result "1-0"]
[Time "09:30:00"]
[WhiteElo "1629"]
[BlackElo "1650"]

1. e4 c5 2. Nf3 Nc6 3. d4 cxd4 4. Nxd4 e5 5. Nf3 Nf6 6. Nc3 Bb4 7. Bd3 d5 8. exd5 Nxd5 9. Bd2 Nxc3 10. Bxc3 Bxc3+ 11. bxc3 O-O 12. Nd2 Qa5 13. Qf3 Be6 14. O-O Rac8 15. Ne4 f5 16. Ng5 Bd7 17. Bc4+ Kh8 18. Qh5 h6 19. Qg6 1-0

[Event "LEM M-V 2026 Open"]
[Site "Neubrandenburg"]
[Date "2026.03.28"]
[Round "1.10"]
[White "Seegebrecht, Johann"]
[Black "Asmussen, Johann"]
[Result "0-1"]
[Time "09:30:00"]
[WhiteElo "1491"]
[BlackElo "1592"]

1. d4 Nf6 2. Bf4 g6 3. Nf3 Bg7 4. Nc3 O-O 5. e4 d6 6. Qd2 Re8 7. Bc4 Nc6 8. d5 Nb8 9. O-O c6 10. Rad1 cxd5 11. exd5 Nbd7 12. Rfe1 Nb6 13. Bb3 Bd7 14. Bh6 Bh8 15. Qf4 Rc8 16. Qb4 Ng4 17. Bd2 Ne5 18. Nxe5 Bxe5 19. a4 Bxc3 20. Bxc3 Bxa4 21. Bxa4 Rc4 22. Qb5 Rxa4 23. Bd4 Qd7 24. Qxd7 Nxd7 25. b3 Ra2 26. Ra1 Rxa1 27. Rxa1 a6 28. Rd1 Rc8 29. c4 f6 30. h3 Nc5 31. Bxc5 dxc5 32. Ra1 Kf7 33. Kf1 Rd8 34. Rd1 b5 35. Ra1 Rd6 36. Ke2 e6 37. Rd1 exd5 38. cxd5 f5 39. Ke3 Kf6 40. g3 Rd8 41. Ra1 Rd6 42. Rd1 Ke5 43. f4+ Kf6 44. Rd2 h6 45. h4 Ke7 46. Rd3 Rd8 47. Rd2 Kd6 48. Rd1 Re8+ 49. Kf3 a5 50. Rd2 Re4 51. Rd3 Rd4 52. Rc3 Kxd5 53. Rc2 0-1

[Event "LEM M-V 2026 Open"]
[Site "Neubrandenburg"]
[Date "2026.03.28"]
[Round "1.11"]
[White "Winter, John-Roy Günter"]
[Black "Wilke, Anja"]
[Result "1-0"]
[Time "09:30:00"]
[WhiteElo "1734"]
[BlackElo "1034"]

1. d4 d5 2. Nf3 Nf6 3. g3 e6 4. Bg2 Nc6 5. O-O Bd7 6. c4 dxc4 7. Qc2 b5 8. Ne5 Bd6 9. Nxc6 Qc8 10. Nc3 a6 11. Rd1 O-O 12. Bf4 Bxc6 13. Bxc6 Rb8 14. Bxd6 cxd6 15. d5 e5 16. Kg2 Rb6 17. Ne4 Qd8 18. Nxf6+ Qxf6 19. Qc3 Qe7 20. a4 Qc7 21. axb5 axb5 22. b3 Rxc6 23. dxc6 Qxc6+ 24. Kg1 Rd8 25. Qxe5 f6 26. Qe6+ Kf8 27. Ra7 Qe8 28. Qg4 g6 29. Qf4 f5 30. Qh6+ 1-0

[Event "LEM M-V 2026 Open"]
[Site "Neubrandenburg"]
[Date "2026.03.28"]
[Round "2.1"]
[White "Briese, Paul"]
[Black "Eschrig, Immanuel"]
[Result "1-0"]
[Time "15:00:00"]
[WhiteElo "1792"]
[BlackElo "1799"]

1. e4 Nc6 2. d4 d5 3. exd5 Qxd5 4. Nf3 Bg4 5. Be2 O-O-O 6. Be3 Nf6 7. O-O e5 8. Nc3 Qa5 9. a3 Bxf3 10. Bxf3 exd4 11. Bxc6 bxc6 12. Bxd4 c5 13. b4 cxb4 14. axb4 Qxb4 15. Ra4 Rxd4 16. Qxd4 Qxd4 17. Rxd4 Bc5 18. Rd3 Re8 19. Ra1 Bb6 20. h3 Re5 21. Kf1 a5 22. Re1 Rf5 23. f3 Nd7 24. Re8+ 1-0

[Event "LEM M-V 2026 Open"]
[Site "Neubrandenburg"]
[Date "2026.03.28"]
[Round "2.2"]
[White "Asmussen, Johann"]
[Black "Wilke, Ronja"]
[Result "0-1"]
[Time "15:00:00"]
[WhiteElo "1592"]
[BlackElo "1782"]

1. d4 Nf6 2. c4 d6 3. Nc3 g6 4. e4 Nbd7 5. f3 Bg7 6. Be3 c5 7. Nge2 a6 8. Qd2 h5 9. Nc1 Qc7 10. Nb3 Rb8 11. Be2 b5 12. cxb5 c4 13. bxa6 cxb3 14. axb3 Ra8 15. O-O O-O 16. Rfc1 Qb6 17. d5 Bh6 18. f4 Bxf4 19. Bxb6 Bxd2 20. Bb5 Bxc1 21. a7 Bb7 22. Na4 Nxb6 23. Nxb6 Be3+ 0-1

[Event "LEM M-V 2026 Open"]
[Site "Neubrandenburg"]
[Date "2026.03.28"]
[Round "2.3"]
[White "Gorski, Paul Peter"]
[Black "Briese, Sophie"]
[Result "0-1"]
[Time "15:00:00"]
[WhiteElo "1685"]
[BlackElo "1629"]

1. e4 c5 2. Nf3 e6 3. d4 cxd4 4. Nxd4 a6 5. c4 Nf6 6. Nc3 Qc7 7. Bd3 Nc6 8. Nxc6 bxc6 9. O-O Be7 10. f4 d6 11. b3 Bb7 12. Qe2 e5 13. f5 d5 14. cxd5 cxd5 15. Bb2 d4 16. Na4 O-O 17. Rac1 Qa5 18. g4 Nd7 19. Rc4 Rfc8 20. Bc1 h6 21. g5 Bxg5 22. Bxg5 hxg5 23. h4 gxh4 24. Qg2 Qd8 25. Rb4 Bc6 26. Nb6 Nxb6 27. f6 g6 28. Rxb6 Qxb6 29. Bc4 d3+ 30. Kh2 Kf8 31. Qg5 Bxe4 32. Qh6+ Ke8 33. Qh7 Qd6 34. Qxf7+ Kd8 35. Qg8+ Kc7 36. Qg7+ Kb6 37. f7 Bf5 38. a4 e4+ 39. Kh1 a5 40. Rxf5 gxf5 41. Qg1+ Rc5 42. b4 axb4 43. a5+ Rxa5 0-1

[Event "LEM M-V 2026 Open"]
[Site "Neubrandenburg"]
[Date "2026.03.28"]
[Round "2.4"]
[White "Hopp, Celina"]
[Black "Winkler, Karl"]
[Result "1/2-1/2"]
[Time "15:00:00"]
[WhiteElo "1740"]
[BlackElo "1873"]

1. e4 e5 2. Nf3 Nc6 3. Bc4 Nf6 4. Ng5 d5 5. exd5 Na5 6. Bb5+ c6 7. dxc6 bxc6 8. Be2 h6 9. Nh3 Bxh3 10. gxh3 h5 11. d3 Qd7 12. Bd2 Nb7 13. Bf1 Bc5 14. Qf3 O-O-O 15. Nc3 e4 16. Qg2 exd3 17. Bxd3 Rhe8+ 18. Ne2 Ne4 19. O-O-O Nxf2 20. Rhf1 Nxd1 21. Bf5 Re6 22. Rxd1 Be3 23. Bxe6 Qxe6 24. Nc3 Bxd2+ 25. Rxd2 Qe1+ 26. Rd1 Rxd1+ 27. Nxd1 Qe6 28. a3 g6 29. Qf3 Nc5 30. Qf2 Qd5 31. Nc3 Qg5+ 32. Kb1 Qe7 33. Qg2 Qd7 34. Qf3 Ne6 35. Qf1 Ng5 36. Qa6+ Kb8 37. h4 Nf3 38. Qe2 Nxh4 39. Qe4 Nf5 40. Qb4+ Ka8 41. Na4 Nd6 42. Nc5 Qc8 43. Qd4 Nb7 44. Na6 Qd8 45. Qf4 Nd6 46. Qb4 Nb7 47. Qf4 Nd6 48. Qb4 Nb7 1/2-1/2

[Event "LEM M-V 2026 Open"]
[Site "Neubrandenburg"]
[Date "2026.03.28"]
[Round "2.5"]
[White "Wolter, Günter"]
[Black "Winter, John-Roy Günter"]
[Result "0-1"]
[Time "15:00:00"]
[WhiteElo "1810"]
[BlackElo "1734"]

1. Nf3 Nf6 2. g3 g6 3. Bg2 Bg7 4. O-O O-O 5. d3 d5 6. Nbd2 c5 7. c3 Nc6 8. Qc2 e5 9. e4 dxe4 10. dxe4 Qc7 11. Nc4 Be6 12. Ne3 h6 13. a3 c4 14. Nd2 Na5 15. Nd5 Nxd5 16. exd5 Bf5 17. Be4 Bxe4 18. Qxe4 f5 19. Qe2 Rad8 20. Nf3 Nb3 21. Rb1 Rxd5 22. Be3 Kh7 23. Rbd1 Rfd8 24. Rxd5 Rxd5 25. Rd1 Rxd1+ 26. Qxd1 e4 27. Bf4 Qe7 28. Qd5 exf3 29. Qxf3 Qe1+ 30. Kg2 Qe4 31. Be3 Qxf3+ 32. Kxf3 a6 33. Bb6 Bf8 34. Kf4 Bd6+ 35. Ke3 Kg7 36. Bd8 Bc5+ 37. Ke2 Nc1+ 38. Kd1 Nd3 0-1

[Event "LEM M-V 2026 Open"]
[Site "Neubrandenburg"]
[Date "2026.03.28"]
[Round "2.7"]
[White "Bielewicz, Marek"]
[Black "Betke, Arno"]
[Result "1-0"]
[Time "15:00:00"]
[WhiteElo "1611"]
[BlackElo "1793"]

1. f4 e6 2. Nf3 d5 3. g3 Nf6 4. d3 Nbd7 5. Bg2 b6 6. e4 dxe4 7. Ng5 Bb7 8. Nxe4 Nxe4 9. dxe4 Nf6 10. Qe2 Qc8 11. Nd2 Be7 12. b3 c5 13. Bb2 O-O 14. O-O-O a5 15. a4 Rd8 16. g4 Ra7 17. g5 Ne8 18. h4 f5 19. gxf6 Nxf6 20. Rhg1 g6 21. f5 Kf7 22. e5 Nh5 23. fxg6+ hxg6 24. Bxb7 Rxb7 25. Qf3+ Bf6 26. exf6 Rd5 27. Nc4 Qc6 28. Ne5+ 1-0

[Event "LEM M-V 2026 Open"]
[Site "Neubrandenburg"]
[Date "2026.03.28"]
[Round "2.8"]
[White "Kruse, Johannes"]
[Black "Eichler, Charline"]
[Result "1-0"]
[Time "15:00:00"]
[WhiteElo "1807"]
[BlackElo "1709"]

1. e4 e5 2. Nf3 Nc6 3. Bb5 d6 4. O-O Bd7 5. c3 Be7 6. Re1 Nf6 7. d4 exd4 8. cxd4 O-O 9. Nc3 a6 10. Ba4 b5 11. Bc2 Bg4 12. Be3 Rb8 13. a3 Qc8 14. Qd3 Bxf3 15. gxf3 Qh3 16. Bd2 g6 17. Ne2 Nh5 18. b4 Rfd8 19. Bb3 Bf6 20. Rac1 Qd7 21. Rc2 Rdc8 22. Rec1 Nd8 23. Ng3 Ng7 24. Be3 Nde6 25. Kh1 Ng5 26. Bd2 Nh3 27. Qe3 Ne6 28. Bxe6 fxe6 29. f4 e5 30. fxe5 dxe5 31. d5 Bg5 32. Qe2 Nf4 33. Qf3 Rb6 34. Ne2 Rf6 35. Nxf4 Bxf4 36. Bxf4 Rxf4 37. Qe2 Qd6 38. Rc6 Qf8 39. R1c2 Rf6 40. Rxf6 Qxf6 41. Qg4 Rf8 42. Rxc7 Qf3+ 43. Qxf3 Rxf3 44. d6 Kf8 45. Rc8+ 1-0

[Event "LEM M-V 2026 Open"]
[Site "Neubrandenburg"]
[Date "2026.03.28"]
[Round "2.9"]
[White "Wrage, Julius"]
[Black "Eichler, Max"]
[Result "1-0"]
[Time "15:00:00"]
[WhiteElo "1661"]
[BlackElo "1644"]

1. e4 e5 2. Nf3 Nc6 3. Bb5 Nf6 4. O-O a6 5. Ba4 b5 6. Bb3 Bc5 7. c3 O-O 8. d4 exd4 9. cxd4 Bb6 10. Bg5 h6 11. Bh4 g5 12. Bg3 Nxe4 13. d5 Nxg3 14. hxg3 Ne7 15. Nc3 d6 16. Nd4 Bxd4 17. Qxd4 Ng6 18. Ne4 Ne5 19. f4 Nd7 20. fxg5 hxg5 21. Nf6+ Nxf6 22. Rxf6 Re8 23. Rh6 Re5 24. Rf1 Kg7 25. Rh2 f6 26. Qd3 f5 27. g4 Qf6 28. Qh3 Kf7 29. Bc2 f4 30. Qd3 Bxg4 31. Qc3 Rc8 32. Kh1 Bf5 33. b3 Be4 34. Qh3 Kg7 35. Qxc8 1-0

[Event "LEM M-V 2026 Open"]
[Site "Neubrandenburg"]
[Date "2026.03.28"]
[Round "2.10"]
[White "Hartung, Sebastian"]
[Black "Seegebrecht, Johann"]
[Result "1-0"]
[Time "15:00:00"]
[WhiteElo "1561"]
[BlackElo "1491"]

1. b3 e6 2. Bb2 b6 3. e3 Bb7 4. Nf3 c5 5. d4 d5 6. Be2 Nf6 7. O-O Be7 8. Nbd2 O-O 9. Rc1 Nbd7 10. c4 Rc8 11. cxd5 Bxd5 12. dxc5 Bxc5 13. h3 Bd6 14. Nc4 Bc7 15. Ba3 Re8 16. Nd6 Bxd6 17. Bxd6 Ne4 18. Ba3 Nc3 19. Qd2 Nxe2+ 20. Qxe2 Rc6 21. Rxc6 Bxc6 22. Rd1 Qc8 23. Nd4 Bd5 24. Nb5 Qa6 25. Bc1 Nc5 26. Re1 Rc8 27. Nc3 Qxe2 28. Nxe2 Nd3 29. Rd1 Nxc1 30. Nxc1 f6 31. Nd3 a5 32. Nf4 Rd8 33. e4 1-0

[Event "LEM M-V 2026 Open"]
[Site "Neubrandenburg"]
[Date "2026.03.28"]
[Round "2.11"]
[White "Röseler, Ole"]
[Black "Jäger, Maria"]
[Result "0-1"]
[Time "15:00:00"]
[WhiteElo "1650"]
[BlackElo "1726"]

1. e4 c6 2. d4 d5 3. e5 Bf5 4. Nf3 e6 5. h3 Ne7 6. Bg5 h6 7. Be3 Nd7 8. Nbd2 Bh7 9. Be2 Nf5 10. Nf1 Be7 11. Qd2 Qc7 12. O-O-O O-O 13. g4 Nxe3 14. Nxe3 Be4 15. Rhg1 Bxf3 16. Bxf3 c5 17. g5 Bxg5 18. h4 Bf4 19. Rg4 cxd4 20. Rxf4 dxe3 21. Qxe3 Rac8 22. c3 Qxe5 23. Qxe5 Nxe5 24. Be2 Rc5 25. Rb4 Rc7 26. Re1 Rd8 27. Rd4 a6 28. Bd1 Nc6 29. Rd3 d4 30. cxd4 Nb4+ 31. Kd2 Nxd3 32. Kxd3 Rd5 33. Bb3 Rf5 34. Ke3 g5 35. h5 Kg7 36. f3 Rf4 37. Rh1 Rd7 38. Rd1 Rh4 39. d5 exd5 40. Rxd5 Rxd5 41. Bxd5 Rxh5 42. Bxb7 a5 43. a3 Rh4 44. Be4 f5 45. Bxf5 Kf6 46. Be4 Ke5 47. b4 axb4 48. axb4 Rh2 49. b5 Rb2 50. Bd3 h5 51. Be2 Rb3+ 52. Kf2 Kf4 53. Kg1 Ke3 54. Bd1 Rb1 0-1

[Event "LEM M-V 2026 Open"]
[Site "Neubrandenburg"]
[Date "2026.03.28"]
[Round "2.13"]
[White "Wilke, Anja"]
[Black "Radloff, Arno"]
[Result "0-1"]
[Time "15:00:00"]
[WhiteElo "1034"]
[BlackElo "1704"]

1. e4 e6 2. e5 d5 3. exd6 Bxd6 4. Nf3 Nf6 5. h3 O-O 6. Be2 b6 7. O-O Bb7 8. d3 c5 9. Be3 Nc6 10. c4 Qc7 11. Nbd2 Rad8 12. a3 Rfe8 13. Qc2 e5 14. Ne4 Nxe4 15. dxe4 Be7 16. Rad1 Nd4 17. Bxd4 cxd4 18. Bd3 a5 19. a4 Bc5 20. b3 Bb4 21. Rb1 Qd6 22. Qe2 Rf8 23. Nd2 Qg6 24. Rbd1 f5 25. f3 f4 26. Ra1 Bc8 27. Kh1 Qh5 28. Rad1 Rd6 29. Rf2 Rh6 30. Rg1 Rff6 31. Nf1 Rfg6 32. Nh2 Be7 33. Qc2 Bh4 34. Re2 Bg3 35. Ng4 Bxg4 36. fxg4 Rxg4 37. Rf1 Rh4 38. c5 Rc6 39. Bc4+ Kh8 40. Qd3 Qe8 41. Rf3 Rxc5 42. Ref2 Bxf2 43. Rxf2 Rh6 44. Rf3 Rg6 45. Qf1 Qe7 46. g3 Rxg3 47. Rxg3 fxg3 48. Kg2 Qf6 49. Qf3 Qxf3+ 50. Kxf3 Rc6 51. Kxg3 Rf6 52. Bd3 h6 53. h4 Rc6 54. Bc4 Rd6 55. Bd3 g6 56. Kg2 Kg7 57. Kg3 Kf6 58. Kg4 h5+ 59. Kg3 Rc6 60. Bc4 g5 61. hxg5+ Kxg5 62. Kf3 Kh4 63. Ke2 Kg3 64. Bd5 Rf6 65. Kd3 h4 66. Kc4 h3 67. Kb5 h2 68. b4 axb4 69. Kxb4 h1=Q 70. Kb5 d3 71. Bb3 d2 72. a5 bxa5 73. Kxa5 d1=Q 74. Bxd1 Qxd1 0-1

[Event "LEM M-V 2026 Open"]
[Site "Neubrandenburg"]
[Date "2026.03.29"]
[Round "3.2"]
[White "Briese, Sophie"]
[Black "Briese, Paul"]
[Result "0-1"]
[Time "09:00:00"]
[WhiteElo "1629"]
[BlackElo "1792"]

1. e4 c6 2. d4 d5 3. exd5 cxd5 4. Bd3 Nc6 5. c3 Nf6 6. h3 e5 7. dxe5 Nxe5 8. Nf3 Nxd3+ 9. Qxd3 Be7 10. O-O O-O 11. Rd1 b6 12. Be3 Bb7 13. Nd4 Nd7 14. Nd2 Ne5 15. Qf5 Bf6 16. a4 Re8 17. Ra2 Nc4 18. Nxc4 dxc4 19. Qg4 Re4 20. Qh5 g6 21. Qe2 Qd5 22. Nf3 Qc6 23. a5 b5 24. Rda1 a6 25. Re1 Rd8 26. Rd1 Rxd1+ 27. Qxd1 Re8 28. Bb6 Qe6 29. Ra1 Qe2 30. Qd7 Bxf3 31. gxf3 Re5 32. Be3 Qxf3 33. Qc8+ Kg7 34. Qd7 Re6 35. Qd2 h5 36. Bh6+ Kh7 37. Qd7 Kxh6 38. Qxf7 Qf5 39. Qf8+ Bg7 40. Qd8 Qxh3 41. Qd2+ g5 42. Re1 Be5 43. Rxe5 Rxe5 44. Qd6+ Qe6 45. Qf8+ Kg6 0-1

[Event "LEM M-V 2026 Open"]
[Site "Neubrandenburg"]
[Date "2026.03.29"]
[Round "3.3"]
[White "Winter, John-Roy Günter"]
[Black "Kruse, Johannes"]
[Result "0-1"]
[Time "09:00:00"]
[WhiteElo "1734"]
[BlackElo "1807"]

1. d4 Nf6 2. Nf3 g6 3. g3 Bg7 4. Bg2 O-O 5. O-O d5 6. c4 c6 7. Nc3 Bf5 8. Bf4 Nbd7 9. cxd5 Nxd5 10. Nxd5 cxd5 11. Qb3 Nb6 12. Rac1 Rc8 13. Bd2 Qd7 14. e3 Nc4 15. Bc3 Rc6 16. Nd2 Rb6 17. Qd1 Nxb2 18. Bxb2 Rxb2 19. Rc5 e6 20. a4 Rc8 21. Nb3 b6 22. Rxc8+ Qxc8 23. Nd2 Qc2 24. Qxc2 Bxc2 25. Ra1 Bd3 26. Nf3 Kf8 27. Bf1 Rb1 28. Rxb1 Bxb1 29. Ne5 Bxe5 30. dxe5 Ba2 31. Bb5 Bc4 32. Bc6 f6 33. exf6 Kf7 34. f3 Kxf6 35. Kf2 Ke5 36. h4 h6 37. g4 Kd6 38. g5 hxg5 39. Be8 gxh4 40. Bxg6 b5 41. a5 b4 42. f4 Ba2 43. Bd3 b3 44. Kg2 b2 45. f5 exf5 46. Bxf5 b1=Q 47. Bxb1 Bxb1 48. Kh3 Ke5 49. Kxh4 Ke4 50. Kg3 Kxe3 0-1

[Event "LEM M-V 2026 Open"]
[Site "Neubrandenburg"]
[Date "2026.03.29"]
[Round "3.4"]
[White "Winkler, Karl"]
[Black "Bielewicz, Marek"]
[Result "1-0"]
[Time "09:00:00"]
[WhiteElo "1873"]
[BlackElo "1611"]

1. e4 c6 2. d4 d6 3. Nf3 Nf6 4. Nc3 Qa5 5. Bd2 Qc7 6. Bc4 Bg4 7. Qe2 Nbd7 8. a3 e5 9. Qe3 Bxf3 10. gxf3 Nb6 11. Bb3 O-O-O 12. dxe5 dxe5 13. O-O-O Bd6 14. Na4 Nxa4 15. Bxa4 Kb8 16. Rhg1 g6 17. Bc3 Nh5 18. Qg5 f6 19. Qg2 Nf4 20. Qf1 Qe7 21. Bb3 Rd7 22. Bd2 Ne6 23. Bxe6 Qxe6 24. Kb1 g5 25. Be3 Rhd8 26. h4 h6 27. hxg5 fxg5 28. Qe2 Bf8 29. Rxd7 Rxd7 30. Qf1 Rg7 31. Rh1 Qf7 32. Rxh6 Qxf3 33. Qh1 Qxh1+ 34. Rxh1 g4 35. Rh8 Rf7 36. Bc5 Kc7 37. Rxf8 Rg7 38. Rf5 b6 39. Be3 g3 40. fxg3 Rxg3 41. Bd2 Kd6 42. Bc3 Rg1+ 43. Ka2 Rg2 44. Bxe5+ Ke6 45. Bb8 a5 46. Bc7 Rxc2 47. Bxb6 Rc4 48. Bxa5 Rxe4 49. Rc5 Kd6 50. Bb4 Kc7 51. Kb3 Re3+ 52. Rc3 Re2 53. a4 Kb6 54. a5+ Kb7 55. a6+ Kxa6 56. Rxc6+ Kb7 57. Rh6 Rf2 58. Bc3 Rg2 59. Ka4 Rc2 60. Rd6 Kc7 61. Rg6 Re2 62. b4 Re3 63. Bd4 Re4 64. Bc5 Rc4 65. Kb5 Re4 66. Rg7+ Kb8 67. Kc6 Re6+ 68. Bd6+ Ka8 69. b5 Re2 70. Rg8+ 1-0

[Event "LEM M-V 2026 Open"]
[Site "Neubrandenburg"]
[Date "2026.03.29"]
[Round "3.5"]
[White "Eschrig, Immanuel"]
[Black "Hopp, Celina"]
[Result "1-0"]
[Time "09:00:00"]
[WhiteElo "1799"]
[BlackElo "1740"]

1. e4 d5 2. exd5 Qxd5 3. Nc3 Qa5 4. b4 Qxb4 5. Rb1 Qd6 6. Nf3 Nf6 7. Bc4 e6 8. O-O Be7 9. Nb5 Qd8 10. d3 a6 11. Nc3 O-O 12. Bf4 Nc6 13. Re1 h6 14. Qd2 Kh7 15. d4 Ng8 16. Ne4 Bd6 17. Nxd6 cxd6 18. Rb3 d5 19. Ng5+ Kh8 20. Bf1 Nce7 21. Nf3 Ng6 22. g4 Nxf4 23. Qxf4 Qf6 24. Qg3 Qe7 25. Ne5 Ra7 26. f4 Bd7 27. g5 Ba4 28. Rc3 Be8 29. Qh4 b5 30. Rg3 f6 31. Nf3 Rc7 32. Bd3 a5 33. f5 Rc6 34. Qh3 Rb6 35. fxe6 b4 36. Qf5 g6 37. Qh3 h5 38. gxf6 Rxf6 39. Ng5 Rb7 40. Qg2 Kg7 41. Qxd5 Qc7 42. Ne4 Rf5 43. Qxf5 Qxg3+ 44. Nxg3 gxf5 45. Nxf5+ Kf6 46. d5 Ne7 47. Nd6 Rb8 48. Nxe8+ Rxe8 49. d6 Nd5 50. Bc4 Nb6 51. e7 Nxc4 52. d7 Rxe7 53. d8=Q 1-0

[Event "LEM M-V 2026 Open"]
[Site "Neubrandenburg"]
[Date "2026.03.29"]
[Round "3.6"]
[White "Hartung, Sebastian"]
[Black "Gorski, Paul Peter"]
[Result "1/2-1/2"]
[Time "09:00:00"]
[WhiteElo "1561"]
[BlackElo "1685"]

1. b3 Nf6 2. Bb2 b6 3. e3 Bb7 4. Nf3 c5 5. c4 d5 6. cxd5 Nxd5 7. Bb5+ Nd7 8. O-O a6 9. Be2 e6 10. Nc3 N7f6 11. d4 Bd6 12. dxc5 Bxc5 13. a3 O-O 14. b4 Be7 15. Qb3 Nxc3 16. Bxc3 Nd5 17. Rfd1 Bf6 18. Bb2 Bxb2 19. Qxb2 Qf6 20. Qxf6 gxf6 21. Rac1 Rac8 22. Bc4 b5 23. Bxd5 Bxd5 24. Nd4 Rc4 25. Rxc4 bxc4 26. f3 f5 27. Kf2 Kg7 28. Ke2 Kf6 29. Kd2 Rg8 30. g3 e5 31. Nc2 Bxf3 32. Rb1 Be4 33. a4 Ke6 34. Kc3 f4 35. exf4 exf4 36. Re1 Kd5 37. Rd1+ Bd3 38. Ne1 Ke4 39. Nxd3 cxd3 40. Rxd3 f3 41. Kd2 Rb8 42. Re3+ Kd4 43. Rxf3 Rxb4 44. Kc2 Rb7 45. Rf6 Ra7 46. Kb2 Ke5 47. Rf4 Rb7+ 48. Kc3 a5 49. Rh4 f5 50. Rc4 Kd5 51. Rd4+ Ke5 52. Rf4 Rc7+ 53. Rc4 Rb7 54. Rc5+ Ke4 55. Rxa5 h5 56. Rb5 Ra7 57. a5 h4 58. Kc4 hxg3 59. hxg3 Rc7+ 60. Rc5 Rg7 61. a6 Rxg3 62. Kb4 Rg8 63. a7 f4 64. Rb5 Ra8 65. Rb7 f3 66. Re7+ Kd3 67. Rd7+ Ke2 68. Re7+ 1/2-1/2